01574cam a2200325 i 450000100090000000300050000900500170001400800410003101000170007202000420008902000390013104000300017004200080020008200140020810000390022224500730026125000200033426400610035426400110041530000450042633600260047133700280049733800270052550504600055265000290101270000450104194200130108699900190109995201300111819306762NUST20221107164035.0160929t20172017flua b 001 0 eng c a 2016044943 a9781498736831 (hardback ; alk. paper) a1498736831 (hardback ; alk. paper) aOU/DLCbengcOUerdadDLC apcc00a535.2,POW1 aPowers, Peter E.,eauthor.910242910aFundamentals of nonlinear optics /cPeter E. Powers, Joseph W. Haus. aSecond edition. 1aBoca Raton :bCRC Press, Taylor & Francis Group,c[2017] 4c©2017 axx, 480 pages :billustrations ;c26 cm atextbtxt2rdacontent aunmediatedbn2rdamedia avolumebnc2rdacarrier0 aIntroduction (Page-1), Linear optics (Page-15), Introduction to the nonlinear susceptibility (Page-65), Three-wave processes in the small-signal regime (Page-119), Quasi-phase matching (Page-161), Three-wave mixing beyond the small-signal limit (Page-183), x(2) devices (Page-207), x(3) processes (Page-239), Raman and Brillouin scattering (Page-291), Nonlinear optics including diffraction and dispersion (Page-337), Quantum nonlinear optics (Page-381),  0aNonlinear optics.9798831 aHaus, Joseph W.,d1948-eauthor.9102430 2ddccREF c592266d592266 00102ddc4070aMCSbMCScREFd2022-11-07o535.2,POWpMCS38213r2024-01-03w2022-11-07yREFzAlmirah Fresh No.44, Shelf No.6